| 000 | 00428nam a2200169Ia 4500 | ||
|---|---|---|---|
| 008 | 210210b1910 xxu||||| |||| 00| 0 eng d | ||
| 082 | _a544/94 | ||
| 100 | _aJONES (Harry C) | ||
| 245 | _aIntroduction to physical chemistry | ||
| 260 |
_aNew York _bThe Macmillan Company _c1910 |
||
| 300 | _a279 | ||
| 650 | _aphysical | ||
| 650 | _aIntroduction | ||
| 650 | _achemistry | ||
| 690 | _aInorganic Chemistry | ||
| 906 | _a009750 | ||
| 999 |
_c127120 _d127120 |
||